Letters Minefield: Modern Hawaiian Alphabet Quiz Stats

 Plays Quiz Updated Nov 15, 2017

Score 0/12 Timer 01:00
1 Play Today
% Correct
???
88.6%
???
62.4%
???
62.3%
???
60.5%
???
60.2%
???
56.9%
???
54.4%
???
49.6%
???
49.3%
???
48.1%
???
43%
???
31.4%

You're not logged in!

Compare scores with friends on all Sporcle quizzes.
OR
Log In

You Might Also Like...

Show Comments

Extras

Top Quizzes Today


Score Distribution

Your Account Isn't Verified!

In order to create a playlist on Sporcle, you need to verify the email address you used during registration. Go to your Sporcle Settings to finish the process.

Report this User

Report this user for behavior that violates our Community Guidelines.

Details: